000 00607nam a2200169 a 4500
001 000027877
005 20250502073820.0
008 110405s1979 dr r 000 0 spa d
040 _aDO-SdBNP
_bspa
_cBNPHU
082 _axxxx
_bR426p
110 1 _aRepública Dominicana.
_bOficina Nacional de Administración y Personal
_926398
245 1 0 _aPrincipios de prácticas secretariales en la administración pública /
_cpresentación Raymundo Amaro Guzmán.
260 _aSanto Domingo :
_bONAP,
_c1979.
300 _a55 p. ;
_c22 cm.
504 _aBibliografía : p. 44
700 1 _aAmaro Guzmán, Raymundo
_9656
999 _c27369
_d27369